Expository outlines from Romans. (Record no. 5701)

000 -LEADER
fixed length control field 00637nam a2200205 a 4500
001 - CONTROL NUMBER
control field :::00003443$&:&@@
003 - CONTROL NUMBER IDENTIFIER
control field OkBaRHE
005 - DATE AND TIME OF LATEST TRANSACTION
control field 20000607103305.0
008 - FIXED-LENGTH DATA ELEMENTS--GENERAL INFORMATION
fixed length control field s1988 j 000 0 eng u
040 ## - CATALOGING SOURCE
Transcribing agency
100 1# - MAIN ENTRY--PERSONAL NAME
Personal name Pentz, Croft M.
245 10 - TITLE STATEMENT
Title Expository outlines from Romans.
260 ## - PUBLICATION, DISTRIBUTION, ETC. (IMPRINT)
Place of publication, distribution, etc Grand Rapids, MI., :
Name of publisher, distributor, etc Baker Book House
Date of publication, distribution, etc 1988
300 ## - PHYSICAL DESCRIPTION
Extent 48 p. ;
Dimensions 22 cm.
490 0# - SERIES STATEMENT
Series statement Sermon outline series.
650 ## - SUBJECT ADDED ENTRY--TOPICAL TERM
Topical term or geographic name as entry element Bible New Testament Romans
General subdivision Sermons
-- Outlines
650 ## - SUBJECT ADDED ENTRY--TOPICAL TERM
Topical term or geographic name as entry element Sermons
General subdivision Outlines
942 ## - ADDED ENTRY ELEMENTS (KOHA)
Source of classification or shelving scheme
Koha item type Books
Copies
Koha item type Date last seen Not for loan Full call number Source of classification or shelving scheme Shelving location Price effective from Barcode Date acquired Permanent Location Copy number Damaged status Withdrawn status Lost status
Books2018-03-28 BS 2665 .P4 General Stacks2010-04-1434432010-04-14RHEMA Bible Training College1